<?xml version="1.0" encoding="UTF-8"?>
<record
    xmlns:xsi="http://www.w3.org/2001/XMLSchema-instance"
    xsi:schemaLocation="http://www.loc.gov/MARC21/slim http://www.loc.gov/standards/marcxml/schema/MARC21slim.xsd"
    xmlns="http://www.loc.gov/MARC21/slim">

  <leader>00541    a2200181   4500</leader>
  <datafield tag="952" ind1=" " ind2=" ">
    <subfield code="0">0</subfield>
    <subfield code="1">0</subfield>
    <subfield code="2">ddc</subfield>
    <subfield code="4">0</subfield>
    <subfield code="7">0</subfield>
    <subfield code="8">FOR</subfield>
    <subfield code="a">MES</subfield>
    <subfield code="b">MES</subfield>
    <subfield code="c">FOR </subfield>
    <subfield code="d">2021-12-27</subfield>
    <subfield code="e">35</subfield>
    <subfield code="g">630.00</subfield>
    <subfield code="l">15</subfield>
    <subfield code="m">25</subfield>
    <subfield code="o">345.5491052 NAB/F</subfield>
    <subfield code="p">41332</subfield>
    <subfield code="r">2025-01-06 09:28:48</subfield>
    <subfield code="s">2024-12-12</subfield>
    <subfield code="t">1</subfield>
    <subfield code="v">630.00</subfield>
    <subfield code="w">2021-12-27</subfield>
    <subfield code="y">BK</subfield>
    <subfield code="z">GL51R1</subfield>
  </datafield>
  <datafield tag="952" ind1=" " ind2=" ">
    <subfield code="0">0</subfield>
    <subfield code="1">0</subfield>
    <subfield code="2">ddc</subfield>
    <subfield code="4">0</subfield>
    <subfield code="7">0</subfield>
    <subfield code="8">FOR</subfield>
    <subfield code="a">MES</subfield>
    <subfield code="b">MES</subfield>
    <subfield code="c">FOR </subfield>
    <subfield code="d">2021-12-27</subfield>
    <subfield code="e">35</subfield>
    <subfield code="g">630.00</subfield>
    <subfield code="l">24</subfield>
    <subfield code="m">34</subfield>
    <subfield code="o">345.5491052 NAB/F</subfield>
    <subfield code="p">41333</subfield>
    <subfield code="r">2026-03-16 14:48:52</subfield>
    <subfield code="s">2026-03-10</subfield>
    <subfield code="t">2</subfield>
    <subfield code="v">630.00</subfield>
    <subfield code="w">2021-12-27</subfield>
    <subfield code="y">BK</subfield>
    <subfield code="z">GL51R1</subfield>
  </datafield>
  <datafield tag="999" ind1=" " ind2=" ">
    <subfield code="c">41384</subfield>
    <subfield code="d">41384</subfield>
  </datafield>
  <controlfield tag="003">OSt</controlfield>
  <controlfield tag="005">20211227122635.0</controlfield>
  <controlfield tag="008">211227b           ||||| |||| 00| 0 eng d</controlfield>
  <datafield tag="020" ind1=" " ind2=" ">
    <subfield code="a">9789388437691</subfield>
  </datafield>
  <datafield tag="040" ind1=" " ind2=" ">
    <subfield code="c">oclc</subfield>
  </datafield>
  <datafield tag="082" ind1=" " ind2=" ">
    <subfield code="a">345.5491052</subfield>
    <subfield code="b">NAB/F</subfield>
  </datafield>
  <datafield tag="100" ind1=" " ind2=" ">
    <subfield code="9">8942</subfield>
    <subfield code="a">Nabar, B. S</subfield>
  </datafield>
  <datafield tag="245" ind1=" " ind2=" ">
    <subfield code="a">Forensic science in crime investigation /</subfield>
    <subfield code="c">B S Nabar</subfield>
  </datafield>
  <datafield tag="250" ind1=" " ind2=" ">
    <subfield code="a">3rd ed.</subfield>
  </datafield>
  <datafield tag="260" ind1=" " ind2=" ">
    <subfield code="a">Hyderabad:</subfield>
    <subfield code="b">Law Sales Corporation,</subfield>
    <subfield code="c">2021.</subfield>
  </datafield>
  <datafield tag="300" ind1=" " ind2=" ">
    <subfield code="a">398 pages</subfield>
  </datafield>
  <datafield tag="942" ind1=" " ind2=" ">
    <subfield code="2">ddc</subfield>
    <subfield code="c">BK</subfield>
    <subfield code="h">345.5491052</subfield>
    <subfield code="i">NAB/F</subfield>
    <subfield code="k">345.5491052</subfield>
    <subfield code="m">NAB/F</subfield>
  </datafield>
</record>
